| 000 | 00474nam a2200169 a 4500 | ||
|---|---|---|---|
| 001 | 2642 | ||
| 003 | CDMR | ||
| 005 | 20130404170602.0 | ||
| 008 | 130130s1987||||||||||||||||||||||||||||d | ||
| 040 |
_aCDMR _bcat _cCDMR |
||
| 100 | 1 |
_aHills, George _91980 |
|
| 245 | 1 | 4 |
_aLos informativos en radiotelevisión _cGeorge Hills |
| 260 |
_aMadrid _c1987 _bInstituto Oficial de Radio y Televisión |
||
| 300 |
_a154 p ; _c24 cm |
||
| 650 | 0 | 4 |
_91981 _aRadiodifusió _xNoticiaris |
| 942 | _cMON | ||
| 999 |
_c2642 _d2642 |
||